Oyendo a Chile

Salvato in:
Dettagli Bibliografici
Autore principale: Claro Valdés, Samuel (Autore)
Natura: Libro
Lingua:spagnolo
Pubblicazione: Santiago Andrés Bello 1979
Soggetti:
Tags: Aggiungi Tag
Nessun Tag, puoi essere il primo ad aggiungerne!!

MARC

LEADER 00000nam a2200000 a 4500
001 UCY9024
003 CL-VaPUC
008 950707e19790400CL |||||||||||||||||spa|d
082 0 4 |a 781.62  |b CLA  |2 21 
100 0 |a Claro Valdés, Samuel  |e author  |9 340993 
245 1 0 |a Oyendo a Chile 
300 |a 139 p 
942 |c BK 
945 |d 19950707 00:00:00  |a cmena 
260 |a Santiago  |b Andrés Bello  |c 1979 
500 |a Declarado material didáctico complementario y/o de consulta de la educación chilena 
650 7 |a FOLKLORE  |2 CL-VaPUC  |9 268291 
650 0 |a Música folklórica  |9 306412 
650 0 |a Antropología cultural y social   |9 265143 
650 0 |a Costumbres y tradiciones   |9 268292 
650 0 |a Cultura  |x Investigación  |9 338168 
650 0 |a Ciencias sociales  |v Investigación  |9 307767 
651 7 |a CHILE  |2 CL-VaPUC  |9 340994 
583 |a last modification  |c 19950707 00:00:00  |k Rodrigo Vera 
999 |c 236198  |d 236196 
952 |0 0  |1 0  |4 0  |6 781_620000000000000_CLA_1979  |7 0  |8 A  |9 244128  |a BIBEDU  |b BIBEDU  |d 2019-11-18  |i 1531212  |o 781.62 CLA 1979  |p 1531212  |r 2019-11-18  |w 2019-11-18  |y BK  |k EDU 
952 |0 0  |1 0  |4 0  |6 781_620000000000000_CLA_1979  |7 0  |8 X  |9 244129  |a FDOMLP  |b FDOMLP  |d 2019-11-18  |i 3425924  |o 781.62 CLA 1979  |p 3425924  |r 2019-11-18  |w 2019-11-18  |y BK_X  |k BU2 
952 |0 0  |1 0  |4 0  |6 781_620000000000000_CLA_1979  |7 0  |8 A  |9 244130  |a BIBEDU  |b BIBEDU  |d 2019-11-18  |i 1233394  |l 1  |o 781.62 CLA 1979  |p 1233394  |r 2025-03-20  |s 2025-03-20  |w 2019-11-18  |y BK  |k MUS